Cantores Brasileiros - Statistics

Estatísticas Gerais
  • Esse quiz foi jogado 738 vezes
  • A pontuação média é 12 de 22
Estatísticas das Respostas
Música Cantor % Correto
Esse Cara Sou Eu Roberto Carlos
96%
Meteoro Luan Santana
85%
Deixa a Vida Me Levar Zeca Pagodinho
72%
Oceano Djavan
70%
Sozinho Caetano Veloso
68%
O Tempo Não Para Cazuza
68%
Alma Gêmea Fábio Jr.
65%
Borbulhas de Amor Fagner
56%
Garçom Reginaldo Rossi
55%
Admirável Gado Novo Zé Ramalho
55%
Esperando Na Janela Gilberto Gil
52%
Sociedade Alternativa Raul Seixas
52%
Apenas um Rapaz Latino-Americano Belchior
50%
Menina Veneno Ritchie
50%
Apenas Mais Uma de Amor Lulu Santos
49%
Por Onde Andei Nando Reis
45%
Adoro Amar Você Daniel
42%
Canção da América Milton Nascimento
41%
Amor pra Recomeçar Frejat
39%
Fogo e Paixão Wando
38%
Sentado a Beira do Caminho Erasmo Carlos
31%
Mentira Que Virou Paixão Leonardo
29%
Nenhum quiz correspondente encontrado
Distribuição das Pontuações
Porcentagem de Pessoas com Cada Pontuação
Percentil de Números Respondidos
Sua Pontuação Histórica
Você não jogou esse quiz